Czy ta ciekawostka jest prawdziwa - Statystyki

Ogólne statystyki
  • Ten quiz został rozwiązany 23 razy
  • Średni wynik to 7 z 10
Statystyki odpowiedzi
Zagadnienie Odpowiedź % Poprawnych
Wielki Mur można zobaczyć z kosmosu Nie
86%
Gdy śpimy mózg się wyłącza Nie
86%
Korea Północna i Kuba to jedyne miejsca, w których nie można w sklepie kupić Coca-Coli. Tak
86%
Długość DNA w każdej komórce naszego ciała wynosi około 2 metrów. Biorąc pod uwagę, że w naszym organizmie znajduje się około 37 bilionów komórek, gdybyśmy połączyli całe nasze DNA, długość ta sięgnęłaby blisko 75 miliardów kilometrów. To wystarczyłoby na podróż tam i z powrotem między Ziemią a Słońcem ponad 500 razy! Tak
86%
W kasynach w Las Vegas zawsze są zegary. Nie
71%
Wyspy Kanaryjskie noszą nazwy od ptaków. Nie
71%
99% drobnoustrojów żyjących w ludziach jest nieznanych nauce. Tak
71%
Radom ma o wiele większą powierzchnię niż Paryż. Tak
57%
Woda destylowana przewodzi prąd Nie
29%
Ze wszystkich ssaków na świecie tylko ludzie i małpy nie widzą promieni ultrafioletowych. Tak
29%
Nie znaleziono quizów pasujących do podanych kryteriów
Rozkład punktacji
Procent ludzi z każdym wynikiem
Percentyl według liczby udzielonych odpowiedzi
Twoja historia wyników
Nie rozwiązałeś tego quizu